MARC

LEADER 00000nam0a2200000 4500
001 327727
005 20231102004005.0
035 |a (RuTPU)RU\TPU\book\353414 
090 |a 327727 
100 |a 20170203d1923 k y0rusy50 ca 
101 0 |a rus 
102 |a RU 
105 |a a j 000zy 
200 1 |a Краткий определитель минералов. Работы в школе, поле и дома  |e [практическое пособие]  |f Н. М. Федоровский 
205 |a 2-е изд., испр. 
210 |a Москва  |c Гостехиздат  |d 1923 
215 |a 63 с.  |c табл. 
225 1 |a Серия 2: Рабочая библиотека  |v № II-1 
317 |5 63413507: КР-2154  |a Поступил в НТБ в 2004 г. в составе книжного собрания кафедры общей геологии 
606 1 |a Минералы  |x Определение  |2 stltpush  |3 (RuTPU)RU\TPU\subj\43968  |9 63375 
610 1 |a физические свойства 
610 1 |a твердость 
610 1 |a блеск 
610 1 |a цвет 
610 1 |a прозрачность 
610 1 |a паяльное оборудование 
610 1 |a плавкость 
610 1 |a таблицы 
610 1 |a получение 
610 1 |a окрашивание 
610 1 |a Коллекция кафедры общей геологии 
610 1 |a дары библиотеке 
675 |a 549.08  |v 4 
700 1 |a Федоровский  |b Н. М.  |c российский минералог  |c основоположник прикладной минералогии  |f 1886-1956  |g Николай Михайлович  |2 stltpush  |3 (RuTPU)RU\TPU\pers\30367  |9 14712 
801 1 |a RU  |b 63413507  |c 20170203 
801 2 |a RU  |b 63413507  |c 20220506  |g RCR 
942 |c BK